000 00647nam a2200253Ia 4500
003 OSt
005 20221006143146.0
006 a|||||r|||| 00| 0
007 ta
008 221006b |||||||| |||| 00| 0 eng d
020 _c
_9.00
024 _a8,189
037 _cTextual
040 _aEASL
_cEASL
_beng
041 _2eng
_aeng
082 _aY73(P41V).1vN1, G4
100 _aLattimore Owen
_994178
245 0 _aMongols of Manchuria
260 _aNew York
_bJohn Day Co.
_c1934
300 _a311p.
_ccm.
490 _v CEL
942 _hY73(P41V).1vN1, G4
_cTEXL
_2CC
999 _c1076275
_d1076275